000 00565nam a2200169 i 4500
001 56342
003 ES-MaACL
005 20230906163336.0
007 t|
008 031007s1971 sp ||||1| spa d
100 0 _aDíez González, Florentino-Agustín.
_944738
245 1 0 _aRetablo de la leyenda de Luna /
_cFlorentino-Agustín Díez González ; ilustraciones de J.A. Díez.
260 _aLeón :
_bInstituto Fray Bernardino de Sahagún,
_c[1971]
300 _a186 p. :
_bil. ;
_c22 cm.
700 1 _aDíez, J. A.
_944651
852 _aES-MaACL
_jC-44583
_bR.78893
999 _c56342
_d56342